Представление документа в формате RUSMARC

ПолеНазваниеЗначение
  Тип записи a
  Библиографический уровень m
001 Контрольный номер RU/IS/BASE/418924834
005 Дата корректировки 20201206204847.9
010 Индекс ISBN __
d Цена 100-00
101 Язык документа 0_
a Язык текста rus
200 Заглавие и сведения об ответственности 1_
a Заглавие Основы нейропсихологии
e Сведения, относящиеся к заглавию учеб. пособие
f Первые сведения об ответственности Департамент образования и молодеж. политики Ханты-Манс. авт. окр.-Югры, ГБОУ ВПО "Сургут. гос. ун-т Ханты-Манс. авт. окр. - Югры", Фак. психологии ; [сост.: С. П. Шумилов, Е. А. Шумилова]
b Общее обозначение материала Текст
210 Выходные данные __
a Место издания Сургут
c Издательство Изд. центр СурГУ
d Дата издания 2013
215 Физическое описание __
a Объем 109 с.
300 Общие примечания __
a Общие примечания Обязат. экз. (2013)
320 Библиография __
a Библиография Лит.: с. 108
330 Аннотация __
a Аннотация Основные сведения о механизмах функционирования основных блоков центральной нервной системы. Описаны некоторые нейропсихологические синдромы и механизмы их развития при локальных поражениях мозга. Рассмотрены нарушения различных высших психических функций, а также функциональная асимметрия больших полушарий мозга и межполушарное взаимодействие.
606 Тематические рубрики __
a Основная рубрика Психология
606 Тематические рубрики __
a Основная рубрика Медицинская психология
610 Ключевые слова __
a Ключевые слова нейропсихология; высшие психические функции; ВПФ; мозг; строение мозга; поражения мозга; зрительные расстройства; тактильная агнозия; афазия; апраксия; нарушения эмоций; нарушения внимания; нарушения речи; нарушения мышлений; нарушения памяти; нейропсихологические синдромы
686 Индексы других классификаций __
a Классификационный индекс 88.75я73
702 Вторичная интеллектуальная ответственность _1
a Фамилия Шумилов
b Имя С. П.
4 Код отношения Составитель
4 Код отношения 220
702 Вторичная интеллектуальная ответственность _1
a Фамилия Шумилова
b Имя Е. А.
4 Код отношения Составитель
4 Код отношения 220
801 Источник записи _0
a Страна RU
b Организация Муниципальное бюджетное учреждение культуры "Централизованная библиотечная система" г. Сургут (Центральная городская библиотека им. А. С. Пушкина)
g Правила каталогизации КиК/Елгина
801 Источник записи _1
a Страна RU
b Организация Муниципальное бюджетное учреждение культуры "Централизованная библиотечная система" г. Сургут (Центральная городская библиотека им. А. С. Пушкина)
g Правила каталогизации КиК/Елгина
852 Данные о местонахождении __
j Шифр хранения 88.75я73
i Авторский знак О-75
901 Тип документа __
t Тип документа m
903 Характеристики (МАРС) __
a Дата передачи 20130410
969 Тип издания __
a Тип издания учебное пособие
990 Данные о заказе (DOS) __
j Количество экземпляров (DOS) 2
h N записи в КСУ для Б/У (DOS) 201304